[Event "Turkey Cup 2019"]
[Site "Belek"]
[Date "2019.02.01"]
[Round "9.46"]
[White "Karakurt, Fahri"]
[Black "Erdal, Emre"]
[Result "0-1"]
[WhiteElo "1914"]
[BlackElo "1615"]
[Annotator "NA"]
[PlyCount "68"]
[EventDate "2019.01.27"]
[EventType "swiss"]
[EventCountry "TUR"]
[SourceTitle "playchess.com"]
[Source "ChessBase"]
[SourceQuality "1"]

1. d4 d5 2. c4 e6 3. Nc3 Nf6 4. cxd5 exd5 5. Bg5 c6 6. e3 Be6 7. Qb3 Qc7 8. Bxf6 gxf6 9. Rc1 Nd7 10. Nf3 O-O-O 11. Bd3 Kb8 12. Nh4 Rg8 13. g3 h5 14. f4 c5 15. Qc2 cxd4 16. exd4 Bh3 17. Kf2 Nb6 18. b3 a6 19. a4 Ba3 20. Ra1 Rc8 21. Rxa3 Qxc3 22. Qxc3 Rxc3 23. Ke2 Nc4 24. Bxc4 dxc4 25. Kd2 Rxb3 26. Rxb3 cxb3 27. f5 Rd8 28. Kd3 b5 29. axb5 a5 30. Ra1 Rc8 31. b6 Kb7 32. Rxa5 b2 33. Ra7+ Kxb6 34. Ra8 b1=Q+ 0-1

[Event "Turkey Cup 2019"]
[Site "Belek"]
[Date "2019.02.01"]
[Round "9.47"]
[White "Hatipli, Mehmet"]
[Black "Ozturk, Oguzhan"]
[Result "1/2-1/2"]
[WhiteElo "1888"]
[BlackElo "1528"]
[Annotator "NA"]
[PlyCount "80"]
[EventDate "2019.01.27"]
[EventType "swiss"]
[EventCountry "TUR"]
[SourceTitle "playchess.com"]
[Source "ChessBase"]
[SourceQuality "1"]

1. e4 d5 2. exd5 Qxd5 3. Nc3 Qd6 4. d4 c6 5. Nf3 Nf6 6. g3 Bg4 7. Bg2 e6 8. h3 Bh5 9. Bf4 Qd8 10. g4 Bg6 11. Ne5 Nbd7 12. Nxg6 hxg6 13. O-O Nb6 14. Re1 Be7 15. Qd3 O-O 16. Rad1 Rc8 17. Bg3 Nbd5 18. Nxd5 cxd5 19. c3 a6 20. f4 Bd6 21. Re3 Qc7 22. Rf1 Rfe8 23. f5 exf5 24. Bxd6 Qxd6 25. gxf5 Rxe3 26. Qxe3 Re8 27. Qg5 gxf5 28. Qxf5 Qg3 29. Qf4 Qg6 30. Qf5 Qg3 31. Qf2 Qg6 32. Kh2 Ne4 33. Qf4 Nf6 34. Qg3 Qh6 35. Qf3 Re3 36. Qf5 Qh4 37. Qc8+ Kh7 38. Qf5+ Kg8 39. Qc8+ Kh7 40. Qf5+ Kg8 1/2-1/2

[Event "Turkey Cup 2019"]
[Site "Belek"]
[Date "2019.02.01"]
[Round "9.48"]
[White "Ozkurt, Kutay"]
[Black "Yaylali, Adnan Dogan"]
[Result "0-1"]
[WhiteElo "1586"]
[BlackElo "1927"]
[Annotator "NA"]
[PlyCount "94"]
[EventDate "2019.01.27"]
[EventType "swiss"]
[EventCountry "TUR"]
[SourceTitle "playchess.com"]
[Source "ChessBase"]
[SourceQuality "1"]

1. e4 c5 2. Nf3 Nc6 3. c3 Nf6 4. e5 Nd5 5. d4 cxd4 6. cxd4 d6 7. Bc4 e6 8. O-O Be7 9. Nc3 Nxc3 10. bxc3 dxe5 11. Nxe5 Nxe5 12. dxe5 Qxd1 13. Rxd1 Bd7 14. Rb1 O-O-O 15. Be3 b6 16. Ba6+ Kc7 17. Rd4 Bc6 18. Rc4 Rd5 19. Bb5 Bc5 20. Bxc5 Rxc5 21. Rxc5 bxc5 22. Bxc6 Kxc6 23. Kf1 Rd8 24. Ke2 g5 25. h4 Rd5 26. hxg5 Rxe5+ 27. Kf1 Rxg5 28. Rb8 Rd5 29. Rc8+ Kb5 30. Rc7 Kc4 31. Rxa7 Kxc3 32. Rxf7 c4 33. Rxh7 Kd2 34. Re7 e5 35. f4 c3 36. fxe5 c2 37. Rc7 Ke3 38. g4 Rd1+ 39. Kg2 c1=Q 40. Rxc1 Rxc1 41. e6 Rc6 42. e7 Re6 43. Kg3 Rxe7 44. g5 Rg7 45. Kg4 Ke4 46. a4 Rg6 47. a5 Ke5 0-1

[Event "Turkey Cup 2019"]
[Site "Belek"]
[Date "2019.02.01"]
[Round "9.49"]
[White "Sahin, Fehim"]
[Black "Oztekin, Kerem Can"]
[Result "0-1"]
[WhiteElo "1555"]
[BlackElo "1940"]
[Annotator "NA"]
[PlyCount "44"]
[EventDate "2019.01.27"]
[EventType "swiss"]
[EventCountry "TUR"]
[SourceTitle "playchess.com"]
[Source "ChessBase"]
[SourceQuality "1"]

1. d4 Nf6 2. c4 c5 3. e3 g6 4. b3 Bg7 5. Bb2 O-O 6. Nf3 cxd4 7. exd4 d5 8. Nbd2 Nc6 9. c5 Ne4 10. Bb5 Nxc5 11. Qc2 Ne6 12. Bxc6 bxc6 13. Qxc6 Bd7 14. Qa6 Nf4 15. g3 Bc8 16. Qa3 Nd3+ 17. Kf1 Bh3+ 18. Ke2 Nxb2 19. Qxb2 f6 20. Rhe1 e5 21. dxe5 fxe5 22. Nxe5 Bxe5 0-1

[Event "Turkey Cup 2019"]
[Site "Belek"]
[Date "2019.02.01"]
[Round "9.50"]
[White "Canbulan, Arda"]
[Black "Ozata, Doruk"]
[Result "0-1"]
[WhiteElo "1884"]
[BlackElo "1778"]
[Annotator "NA"]
[PlyCount "86"]
[EventDate "2019.01.27"]
[EventType "swiss"]
[EventCountry "TUR"]
[SourceTitle "playchess.com"]
[Source "ChessBase"]
[SourceQuality "1"]

1. e4 e6 2. Qe2 c5 3. g3 Nc6 4. Bg2 Nd4 5. Qd1 d5 6. c3 Nc6 7. exd5 exd5 8. d4 cxd4 9. Ne2 Bc5 10. cxd4 Be7 11. Nbc3 Nf6 12. O-O Bf5 13. Bg5 Ne4 14. Bxe7 Nxe7 15. Nxe4 Bxe4 16. Bxe4 dxe4 17. Nc3 O-O 18. Nxe4 Qb6 19. Qd2 Rfd8 20. Rfd1 Rac8 21. Qg5 Nd5 22. Rac1 h6 23. Qd2 Rb8 24. Rc5 Rd7 25. Qc2 Rbd8 26. a3 Ne7 27. Qc3 Nd5 28. Qd2 Ne7 29. Qc3 Nd5 30. Qc4 Qxb2 31. Rc8 Qxa3 32. Rxd8+ Rxd8 33. Nc5 b5 34. Qxb5 Nc3 35. Qd3 Rxd4 36. Qf5 Rxd1+ 37. Kg2 Rd8 38. Nb7 Re8 39. Nc5 Qb4 40. Qd7 Qb5 41. Qd4 Qc6+ 42. f3 Nd5 43. Ne4 Nf6 0-1

[Event "Turkey Cup 2019"]
[Site "Belek"]
[Date "2019.02.01"]
[Round "9.51"]
[White "Cam, Vedat"]
[Black "Demir, Bilal"]
[Result "1-0"]
[WhiteElo "1882"]
[BlackElo "2094"]
[Annotator "NA"]
[PlyCount "77"]
[EventDate "2019.01.27"]
[EventType "swiss"]
[EventCountry "TUR"]
[SourceTitle "playchess.com"]
[Source "ChessBase"]
[SourceQuality "1"]

1. g3 Nf6 2. Bg2 d5 3. Nf3 e6 4. d4 Be7 5. O-O O-O 6. Bg5 Nbd7 7. Nbd2 h6 8. Bxf6 Nxf6 9. Ne5 c5 10. c3 Qc7 11. e3 b6 12. f4 Bb7 13. g4 Ne4 14. Rf3 f6 15. Ng6 Rfe8 16. h4 Bd6 17. Rh3 cxd4 18. Nxe4 dxe4 19. cxd4 Kh7 20. h5 Rac8 21. Qe1 Qc2 22. Rh2 Qa4 23. b3 Qa3 24. Qb1 f5 25. gxf5 exf5 26. Bh3 Qa5 27. a3 Rc3 28. b4 Qd5 29. Qe1 Rec8 30. Rg2 Qf7 31. Nh4 R8c7 32. Bxf5+ Kg8 33. Rg6 Qf8 34. Qg3 Be7 35. Rxh6 Bxh4 36. Be6+ Rf7 37. Qg6 Qe8 38. Bxf7+ Qxf7 39. Rh8+ 1-0

[Event "Turkey Cup 2019"]
[Site "Belek"]
[Date "2019.02.01"]
[Round "9.52"]
[White "Sar, Can"]
[Black "Baltaci, Ismail Tarik"]
[Result "1/2-1/2"]
[WhiteElo "1812"]
[BlackElo "2014"]
[Annotator "NA"]
[PlyCount "89"]
[EventDate "2019.01.27"]
[EventType "swiss"]
[EventCountry "TUR"]
[SourceTitle "playchess.com"]
[Source "ChessBase"]
[SourceQuality "1"]

1. e4 e5 2. Nf3 Nc6 3. Bb5 Nge7 4. O-O g6 5. d4 exd4 6. Nxd4 Bg7 7. Be3 O-O 8. Nc3 d6 9. Qd2 a6 10. Be2 b5 11. Rad1 Re8 12. a3 Ne5 13. h3 Rb8 14. Qc1 c5 15. Nf3 Nxf3+ 16. Bxf3 Qc7 17. Rfe1 Be6 18. Bf4 Bd4 19. Nd5 Bxd5 20. exd5 Nf5 21. Bg4 Ne7 22. Bf3 Bg7 23. c3 a5 24. Re4 Nf5 25. Rde1 Rxe4 26. Rxe4 Qd7 27. Qe1 b4 28. Bg4 bxc3 29. bxc3 Bf6 30. Kh2 Rf8 31. Bxf5 gxf5 32. Re3 Kh8 33. Qb1 Re8 34. Rxe8+ Qxe8 35. Qxf5 Qe7 36. Qc8+ Kg7 37. Qg4+ Kh8 38. c4 Be5 39. Qf5 Bxf4+ 40. Qxf4 Kg7 41. Qg4+ Kh8 42. Qc8+ Kg7 43. Qg4+ Kh8 44. Qc8+ Kg7 45. Qg4+ 1/2-1/2

[Event "Turkey Cup 2019"]
[Site "Belek"]
[Date "2019.02.01"]
[Round "9.53"]
[White "Yasin, Hur"]
[Black "Aslanhan, Halis"]
[Result "0-1"]
[WhiteElo "2004"]
[BlackElo "1779"]
[Annotator "NA"]
[PlyCount "108"]
[EventDate "2019.01.27"]
[EventType "swiss"]
[EventCountry "TUR"]
[SourceTitle "playchess.com"]
[Source "ChessBase"]
[SourceQuality "1"]

1. e4 c5 2. Nf3 e6 3. d4 cxd4 4. Nxd4 a6 5. Nc3 Qc7 6. Bd3 Nf6 7. Qe2 d6 8. Nb3 b5 9. a3 Bb7 10. Bf4 Nbd7 11. O-O Be7 12. Rad1 Ne5 13. Nd4 Nxd3 14. Rxd3 e5 15. Nf5 exf4 16. Nd5 Bxd5 17. exd5 g6 18. Nh6 Kf8 19. Qf3 Qxc2 20. Rd4 Qxb2 21. Rxf4 Rc8 22. g4 Qc3 23. g5 Qxf3 24. Rxf3 Nxd5 25. Nxf7 Kg7 26. Nxh8 Kxh8 27. h4 Rc4 28. Rd1 Nb6 29. Re1 Nc8 30. Rh3 Kg7 31. Kg2 d5 32. Re6 Bd6 33. Re8 a5 34. Rhe3 d4 35. Rf3 Ne7 36. Rd8 Bc5 37. Rb3 b4 38. axb4 Bxb4 39. Rd7 Kf7 40. Rd3 Bc3 41. Ra7 Ke6 42. Rf3 Nd5 43. Kf1 Rc7 44. Rf6+ Nxf6 45. Rxc7 Nd7 46. Ke2 Kd6 47. Ra7 Ne5 48. Rxh7 d3+ 49. Ke3 d2 50. Ke2 Nc4 51. Rb7 a4 52. h5 a3 53. Rb8 a2 54. Ra8 Na5 0-1

[Event "Turkey Cup 2019"]
[Site "Belek"]
[Date "2019.02.01"]
[Round "9.54"]
[White "Kiraz, Yigit"]
[Black "Dogdu, Mehmet"]
[Result "0-1"]
[WhiteElo "1673"]
[BlackElo "1940"]
[Annotator "NA"]
[PlyCount "82"]
[EventDate "2019.01.27"]
[EventType "swiss"]
[EventCountry "TUR"]
[SourceTitle "playchess.com"]
[Source "ChessBase"]
[SourceQuality "1"]

1. d4 Nf6 2. c4 e6 3. Nf3 Bb4+ 4. Bd2 a5 5. a3 Bxd2+ 6. Nbxd2 O-O 7. e3 d6 8. Be2 Qe7 9. O-O e5 10. b3 Re8 11. d5 Na6 12. Qc2 Bd7 13. Rfb1 c6 14. e4 Rec8 15. Qd1 Nc5 16. Qc2 b5 17. b4 Na4 18. Qb3 bxc4 19. Qxa4 cxd5 20. Qc2 c3 21. Nb3 dxe4 22. Nxa5 d5 23. Ne1 d4 24. Rd1 Bf5 25. Nb3 Qd6 26. Nc5 Rxc5 27. bxc5 Qxc5 28. Rdb1 h5 29. Rb5 Qc7 30. a4 Ng4 31. Bxg4 hxg4 32. Rb3 Rc8 33. Qd1 d3 34. Nc2 e3 35. Nxe3 c2 36. Nxc2 dxc2 37. Qc1 Qc4 38. Re3 Rb8 39. Qd2 Qd4 40. Qc1 Rb1 41. Re1 Qxa1 0-1

[Event "Turkey Cup 2019"]
[Site "Belek"]
[Date "2019.02.01"]
[Round "9.55"]
[White "Cilek, Bora"]
[Black "Dinc, Melih"]
[Result "1-0"]
[WhiteElo "1907"]
[BlackElo "1729"]
[Annotator "NA RC"]
[PlyCount "149"]
[EventDate "2019.01.27"]
[EventType "swiss"]
[EventCountry "TUR"]
[SourceTitle "playchess.com"]
[Source "ChessBase"]
[SourceQuality "1"]

1. d4 c5 2. d5 Nf6 3. c4 d6 4. Nc3 g6 5. e4 Bg7 6. h3 b5 7. cxb5 a6 8. Nf3 O-O 9. bxa6 Bxa6 10. Bxa6 Nxa6 11. O-O Qb8 12. Qe2 Rc8 13. e5 Ne8 14. Bf4 Qb4 15. Ne4 Nac7 16. Rfd1 f5 17. exf6 Nxf6 18. Nxf6+ Bxf6 19. Bc1 Rcb8 20. a3 Qb3 21. g4 Rf8 22. Kg2 Kh8 23. Qd3 Rfb8 24. Qxb3 Rxb3 25. Ra2 Na6 26. Bd2 Rxb2 27. Rxb2 Bxb2 28. Re1 c4 29. Bg5 Bf6 30. Bxf6+ exf6 31. Re6 Nc5 32. Rxd6 Rxa3 33. Rxf6 Rd3 34. Ne5 Rxd5 35. Nxc4 Kg7 36. Rb6 Ne4 37. Rb7+ Kg8 38. f3 Nd6 39. Rb8+ Kg7 40. Ne3 Rd3 41. Nf1 Nf7 42. Rb7 Rd1 43. Ne3 Rd2+ 44. Kg3 Rd3 45. Nc4 Rd5 46. h4 h6 47. Ne3 Rd4 48. Ng2 Rd6 49. Nf4 Ra6 50. h5 gxh5 51. Nxh5+ Kf8 52. Rb8+ Ke7 53. Ng7 Kf6 54. Nh5+ Ke7 55. Kh4 Ra1 56. Ng3 Ra3 57. Nf5+ Ke6 58. Rb6+ Kd7 59. f4 Ra1 60. Kh5 Ra4 61. Rf6 Nd8 62. Nxh6 Ne6 63. f5 Nf4+ 64. Kg5 Ke7 65. Rf7+ Ke8 66. Rb7 Nh3+ 67. Kh4 Nf4 68. f6 Ne6 69. Re7+ Kd8 70. Rxe6 Kd7 71. Re7+ Kd8 72. Nf7+ Kc8 73. Nd6+ Kd8 74. Re8+ Kd7 75. f7 1-0

[Event "Turkey Cup 2019"]
[Site "Belek"]
[Date "2019.02.01"]
[Round "9.56"]
[White "Tahaoglu, Erkin"]
[Black "Ozveren, Ali Bulent"]
[Result "1/2-1/2"]
[WhiteElo "1714"]
[BlackElo "1906"]
[Annotator "NA"]
[PlyCount "121"]
[EventDate "2019.01.27"]
[EventType "swiss"]
[EventCountry "TUR"]
[SourceTitle "playchess.com"]
[Source "ChessBase"]
[SourceQuality "1"]

1. e4 g6 2. Nf3 Bg7 3. d4 d6 4. Bc4 Nf6 5. Nc3 O-O 6. O-O c6 7. h3 b5 8. Bd3 a6 9. e5 dxe5 10. dxe5 Nd5 11. Qe2 Nxc3 12. bxc3 Qc7 13. a4 Bb7 14. Ba3 Nd7 15. Bxe7 Rfe8 16. Bd6 Qc8 17. c4 c5 18. cxb5 c4 19. Be4 axb5 20. axb5 Nb6 21. Rxa8 Qxa8 22. Bxb7 Qxb7 23. Nd2 Qd5 24. Qe3 Nd7 25. Nf3 Qxb5 26. Re1 Nf8 27. Qa3 Ne6 28. Qb4 Qc6 29. c3 Nf4 30. Qb1 Nxh3+ 31. Kf1 Nf4 32. Qe4 Qxe4 33. Rxe4 Nd3 34. Rxc4 f6 35. Ke2 Nxe5 36. Nxe5 fxe5 37. Re4 Re6 38. Bb4 Ra6 39. c4 Ra2+ 40. Kf3 Kf7 41. c5 Rc2 42. Ke3 Ke6 43. Kd3 Rxf2 44. c6 Bf8 45. Rxe5+ Kxe5 46. c7 Bxb4 47. c8=Q Rf4 48. Qh8+ Kf5 49. Qxh7 Rg4 50. Ke3 Bc5+ 51. Kf3 Rf4+ 52. Ke2 Bd4 53. Qh3+ Kf6 54. Kd3 Be5 55. Ke3 Rf5 56. g4 Rf4 57. Qh8+ Ke6 58. Qe8+ Kf6 59. Qd8+ Ke6 60. Qe8+ Kf6 61. Qd8+ 1/2-1/2

[Event "Turkey Cup 2019"]
[Site "Belek"]
[Date "2019.02.01"]
[Round "9.57"]
[White "Atas, Yunus"]
[Black "Ozcan, Berk"]
[Result "1/2-1/2"]
[WhiteElo "1872"]
[BlackElo "1709"]
[Annotator "NA RC"]
[PlyCount "146"]
[EventDate "2019.01.27"]
[EventType "swiss"]
[EventCountry "TUR"]
[SourceTitle "playchess.com"]
[Source "ChessBase"]
[SourceQuality "1"]

1. d4 Nf6 2. Nf3 g6 3. Bf4 Bg7 4. e3 d6 5. Be2 O-O 6. h3 Nbd7 7. O-O b6 8. a4 a5 9. Na3 Bb7 10. Nc4 Re8 11. c3 Ne4 12. Qc2 e5 13. Bh2 Ng5 14. Ncd2 Ne6 15. Rfd1 Qe7 16. Nc4 Ng5 17. Nxg5 Qxg5 18. Bf1 Qe7 19. Rac1 Kh8 20. Na3 Nf8 21. Rd2 f5 22. dxe5 Bxe5 23. Bxe5+ Qxe5 24. Nb5 Re7 25. Qb3 Ne6 26. Qc4 Qe4 27. Qxe4 Bxe4 28. Bc4 Nc5 29. b3 Kg7 30. Rcd1 Bb7 31. Nd4 Kf6 32. Bb5 Ne4 33. Rc2 Nc5 34. b4 Ne6 35. Nc6 Bxc6 36. Bxc6 Rb8 37. Rb2 Nd8 38. Bf3 Re5 39. Rd4 Rc8 40. h4 Ke7 41. Rc4 Kd7 42. Rd2 Ne6 43. Bc6+ Ke7 44. g3 Rd8 45. Bd5 Kd7 46. f4 Rxd5 47. Rxd5 axb4 48. cxb4 c6 49. Rd2 Ra8 50. b5 c5 51. h5 Nc7 52. hxg6 hxg6 53. e4 fxe4 54. Rxe4 d5 55. Re5 c4 56. Rdxd5+ Nxd5 57. Rxd5+ Ke6 58. Rg5 Kf6 59. Rd5 Ke6 60. Re5+ Kf6 61. Kf2 Rxa4 62. Re8 Rb4 63. Rc8 Rxb5 64. Rxc4 Rb3 65. Kg2 g5 66. fxg5+ Kxg5 67. Kh3 Rb1 68. Rc6 Rh1+ 69. Kg2 Rb1 70. Rd6 Kg4 71. Rd4+ Kg5 72. Rd8 Kg4 73. Rg8+ Kf5 1/2-1/2

[Event "Turkey Cup 2019"]
[Site "Belek"]
[Date "2019.02.01"]
[Round "9.58"]
[White "Aydogdu, Selcan Ayberk"]
[Black "Akbas, Umut Ata"]
[Result "1/2-1/2"]
[WhiteElo "1631"]
[BlackElo "1939"]
[Annotator "NA"]
[PlyCount "103"]
[EventDate "2019.01.27"]
[EventType "swiss"]
[EventCountry "TUR"]
[SourceTitle "playchess.com"]
[Source "ChessBase"]
[SourceQuality "1"]

1. d4 Nf6 2. c4 g6 3. f3 Bg7 4. e4 d6 5. Nc3 O-O 6. Be3 c5 7. d5 e6 8. Nge2 exd5 9. cxd5 a6 10. a4 Re8 11. Nc1 Nbd7 12. Nd3 Nb6 13. Nf2 Rb8 14. Be2 Na8 15. Qd2 Nc7 16. O-O b5 17. Nd3 Nfxd5 18. Bg5 Nf6 19. Nxc5 b4 20. Nd1 dxc5 21. Qxd8 Rxd8 22. e5 Rxd1 23. Rfxd1 Nfd5 24. Rac1 Bxe5 25. Rxc5 Bxb2 26. Bd8 Nc3 27. Rxc3 bxc3 28. Bxc7 Rb4 29. Rd8+ Kg7 30. Be5+ f6 31. Rxc8 fxe5 32. Bxa6 Rd4 33. Bb7 Rxa4 34. Be4 Rd4 35. h4 Kf6 36. Rc6+ Ke7 37. h5 gxh5 38. Bxh7 Kd7 39. Rc5 Kd6 40. Rc8 Rd1+ 41. Kh2 Rd5 42. Bc2 Ra5 43. Kh3 Kd5 44. Rd8+ Kc4 45. Kh4 Bc1 46. Rc8+ Kd4 47. Rd8+ Ke3 48. Rd3+ Kf2 49. Rxc3 Kxg2 50. Be4 Bf4 51. Kxh5 Ra6 52. Rc6 1/2-1/2

[Event "Turkey Cup 2019"]
[Site "Belek"]
[Date "2019.02.01"]
[Round "9.59"]
[White "Arslanargun, Zana"]
[Black "Hereklioglu, Sude"]
[Result "0-1"]
[WhiteElo "1773"]
[BlackElo "1951"]
[Annotator "NA"]
[PlyCount "100"]
[EventDate "2019.01.27"]
[EventType "swiss"]
[EventCountry "TUR"]
[SourceTitle "playchess.com"]
[Source "ChessBase"]
[SourceQuality "1"]

1. d4 Nf6 2. c4 e6 3. Nc3 Bb4 4. e3 c5 5. Nf3 b6 6. Bd2 cxd4 7. exd4 Bb7 8. Bd3 O-O 9. O-O Be7 10. Re1 d5 11. cxd5 Nxd5 12. Rc1 Bf6 13. Ne4 h6 14. Nxf6+ Qxf6 15. Ne5 g5 16. Be4 Qg7 17. Bxd5 Bxd5 18. Bb4 Rd8 19. Rc7 a5 20. Rxf7 Qxf7 21. Nxf7 Kxf7 22. Qh5+ Kg7 23. Bd2 Nd7 24. a3 Rac8 25. h4 Nf6 26. Qd1 gxh4 27. Bc3 Kf7 28. f3 Rg8 29. Kf2 Rg3 30. Rh1 Rcg8 31. Rh2 h3 32. Rxh3 Rxg2+ 33. Ke3 Bc4 34. Kf4 Re2 35. Qxe2 Bxe2 36. Rxh6 Nd5+ 37. Ke4 Rg3 38. Ke5 Nxc3 39. Rf6+ Kg7 40. bxc3 Bc4 41. Rf4 b5 42. Rg4+ Rxg4 43. fxg4 Kg6 44. Kf4 Kf6 45. g5+ Kg6 46. Ke5 Kxg5 47. Kd6 Kf4 48. Kc5 Ke4 49. a4 Kd3 50. axb5 Kxc3 0-1

[Event "Turkey Cup 2019"]
[Site "Belek"]
[Date "2019.02.01"]
[Round "9.60"]
[White "Akin, Bora Zubeyr"]
[Black "Demirtas, Hafize"]
[Result "0-1"]
[WhiteElo "1436"]
[BlackElo "1929"]
[Annotator "NA"]
[PlyCount "60"]
[EventDate "2019.01.27"]
[EventType "swiss"]
[EventCountry "TUR"]
[SourceTitle "playchess.com"]
[Source "ChessBase"]
[SourceQuality "1"]

1. e4 c5 2. c3 Nf6 3. e5 Nd5 4. d4 cxd4 5. cxd4 Nc6 6. Bc4 Nb6 7. Bb3 d6 8. exd6 Qxd6 9. Be3 e5 10. dxe5 Qxd1+ 11. Kxd1 Nxe5 12. Nc3 Bg4+ 13. f3 Bf5 14. Bxb6 axb6 15. Ba4+ Nc6 16. Nh3 O-O-O+ 17. Kc1 Bc5 18. Bc2 Bxc2 19. Kxc2 Nd4+ 20. Kb1 Rhe8 21. Ng5 f5 22. Rd1 h6 23. Nh3 g5 24. a4 Nb3 25. Kc2 Nxa1+ 26. Rxa1 Bb4 27. Ng1 Bxc3 28. Kxc3 Rd5 29. b3 Rc5+ 30. Kb4 Rc2 0-1

[Event "Turkey Cup 2019"]
[Site "Belek"]
[Date "2019.02.01"]
[Round "9.61"]
[White "Gungor, Cihan Akif"]
[Black "Demirbas, Emre"]
[Result "0-1"]
[WhiteElo "1588"]
[BlackElo "1823"]
[Annotator "NA"]
[PlyCount "43"]
[EventDate "2019.01.27"]
[EventType "swiss"]
[EventCountry "TUR"]
[SourceTitle "playchess.com"]
[Source "ChessBase"]
[SourceQuality "1"]

1. e4 c5 2. Nc3 Nc6 3. f4 g6 4. Nf3 Bg7 5. a3 a6 6. Be2 d6 7. d3 e6 8. Be3 Nd4 9. O-O Ne7 10. h3 d5 11. Bf2 O-O 12. e5 Nec6 13. Na2 f6 14. exf6 Qxf6 15. c3 Nxf3+ 16. Bxf3 b6 17. Qb3 Qxf4 18. Bxd5 Qd6 19. Bxc6 Qxc6 20. Rae1 Kh8 21. Qc2 Bb7 22. Bg3 0-1

[Event "Turkey Cup 2019"]
[Site "Belek"]
[Date "2019.02.01"]
[Round "9.62"]
[White "Ozsayin, Elif"]
[Black "Caliskan, Seha"]
[Result "1/2-1/2"]
[WhiteElo "1613"]
[BlackElo "1917"]
[Annotator "NA"]
[PlyCount "105"]
[EventDate "2019.01.27"]
[EventType "swiss"]
[EventCountry "TUR"]
[SourceTitle "playchess.com"]
[Source "ChessBase"]
[SourceQuality "1"]

1. e4 e6 2. d4 d5 3. exd5 exd5 4. Bd3 Bd6 5. Ne2 Ne7 6. Nbc3 a6 7. Bg5 f6 8. Bf4 Nbc6 9. Bg3 Nb4 10. Nf4 Nxd3+ 11. Nxd3 O-O 12. O-O Bf5 13. Qf3 Bxg3 14. fxg3 Bxd3 15. Qxd3 Qd7 16. Rae1 Rae8 17. Qf3 b6 18. Kf2 Rd8 19. Ne2 Nf5 20. Nf4 Rfe8 21. c3 c6 22. Rxe8+ Rxe8 23. Re1 Nd6 24. Rxe8+ Qxe8 25. Qe2 Ne4+ 26. Ke1 a5 27. c4 g5 28. Nd3 dxc4 29. Ne5 Nd6 30. Ng4 Qxe2+ 31. Kxe2 Kf7 32. Ne3 Ke6 33. g4 f5 34. gxf5+ Nxf5 35. Nxc4 Nxd4+ 36. Kd3 Nb5 37. Nxb6 Nd6 38. Nc4 Nb7 39. Kd4 h5 40. Nd2 Kf5 41. Nf1 h4 42. Ne3+ Kf4 43. Nc4 Kf5 44. Ne5 Nd8 45. Nf3 Nb7 46. Ke3 Nd8 47. Nd4+ Ke5 48. Nb3 Nb7 49. Kf3 a4 50. Nd2 Nd6 51. Ke3 g4 52. Kd3 c5 53. Nb1 1/2-1/2

[Event "Turkey Cup 2019"]
[Site "Belek"]
[Date "2019.02.01"]
[Round "9.63"]
[White "Sakalli, Mustafa"]
[Black "Ersoy, Emre"]
[Result "1-0"]
[WhiteElo "1955"]
[BlackElo "1591"]
[Annotator "NA"]
[PlyCount "91"]
[EventDate "2019.01.27"]
[EventType "swiss"]
[EventCountry "TUR"]
[SourceTitle "playchess.com"]
[Source "ChessBase"]
[SourceQuality "1"]

1. d4 e6 2. c4 Nf6 3. Nd2 c5 4. Ngf3 cxd4 5. Nxd4 Nc6 6. Nxc6 bxc6 7. g3 d5 8. Bg2 Be7 9. O-O O-O 10. Qc2 Qb6 11. Nb3 Ba6 12. Be3 Qb7 13. Rac1 Rfc8 14. h3 Qb4 15. Nd2 h6 16. b3 e5 17. Nf3 d4 18. Bd2 Qd6 19. Nh4 Qe6 20. Nf5 Bf8 21. g4 Rab8 22. Rfe1 c5 23. e3 Rd8 24. exd4 cxd4 25. Bf4 d3 26. Qb2 d2 27. Bxd2 Rxd2 28. Qxd2 Bb4 29. Qe2 Bxe1 30. Rxe1 Re8 31. Qd2 h5 32. Qg5 g6 33. Ng3 hxg4 34. hxg4 Nxg4 35. Bd5 Qe7 36. Qxg6+ Kh8 37. Qh5+ Kg7 38. Qxg4+ Kf8 39. Nh5 Qb4 40. Qg7+ Ke7 41. Rxe5+ Kd6 42. Rxe8 Qc3 43. Qf8+ Kc7 44. Qe7+ Kb6 45. Rb8+ Ka5 46. Qa3# 1-0

[Event "Turkey Cup 2019"]
[Site "Belek"]
[Date "2019.02.01"]
[Round "9.64"]
[White "Yaziciogullari, Ali Emre"]
[Black "Aslan, Onat Ugur"]
[Result "1/2-1/2"]
[WhiteElo "1675"]
[BlackElo "1812"]
[Annotator "NA"]
[PlyCount "37"]
[EventDate "2019.01.27"]
[EventType "swiss"]
[EventCountry "TUR"]
[SourceTitle "playchess.com"]
[Source "ChessBase"]
[SourceQuality "1"]

1. e4 Nf6 2. e5 Nd5 3. d4 d6 4. Nf3 g6 5. Bc4 c6 6. O-O Bg7 7. Re1 O-O 8. Bb3 dxe5 9. Nxe5 Nd7 10. c4 N5b6 11. Qe2 Nxe5 12. dxe5 c5 13. Na3 a6 14. Bf4 Qc7 15. Bg3 Be6 16. f4 Rad8 17. Rad1 Qc8 18. h3 h5 19. Bh4 1/2-1/2

[Event "Turkey Cup 2019"]
[Site "Belek"]
[Date "2019.02.01"]
[Round "9.65"]
[White "Caglar, Mehmet Halil"]
[Black "Onem, Cem"]
[Result "1-0"]
[WhiteElo "1666"]
[BlackElo "1840"]
[Annotator "NA"]
[PlyCount "103"]
[EventDate "2019.01.27"]
[EventType "swiss"]
[EventCountry "TUR"]
[SourceTitle "playchess.com"]
[Source "ChessBase"]
[SourceQuality "1"]

1. b3 e5 2. Bb2 Nc6 3. c4 Nf6 4. e3 Be7 5. Nf3 d6 6. Be2 O-O 7. O-O e4 8. Nd4 Nxd4 9. Bxd4 c5 10. Bb2 d5 11. d3 exd3 12. Qxd3 Be6 13. cxd5 Qxd5 14. Rd1 Qxd3 15. Bxd3 Rac8 16. Nc3 c4 17. bxc4 Bxc4 18. Bxc4 Rxc4 19. Nd5 Nxd5 20. Rxd5 Rc2 21. Bd4 Rfc8 22. g3 Bf6 23. Bxf6 gxf6 24. Ra5 a6 25. Rf5 Kg7 26. a4 b6 27. Kg2 Rb2 28. Rf4 Rc6 29. Rd1 b5 30. axb5 Rxb5 31. Rd7 a5 32. Ra7 Rcc5 33. Ra6 f5 34. h4 Rb4 35. Rxb4 axb4 36. Rb6 Rc4 37. Kf3 Kf8 38. Rb5 Ke7 39. Rxf5 Kd6 40. Rxf7 Kc6 41. Ra7 b3 42. Ra1 Rb4 43. Ke2 Kc5 44. Rc1+ Kb5 45. Kd3 b2 46. Rb1 Ka4 47. e4 Kb3 48. f4 Rb8 49. e5 Rd8+ 50. Ke4 Kc2 51. Rxb2+ Kxb2 52. f5 1-0

[Event "Turkey Cup 2019"]
[Site "Belek"]
[Date "2019.02.01"]
[Round "9.66"]
[White "Aydin, Hakan Arda"]
[Black "Ulupinar, Furkan"]
[Result "1-0"]
[WhiteElo "1915"]
[BlackElo "1578"]
[Annotator "NA"]
[PlyCount "60"]
[EventDate "2019.01.27"]
[EventType "swiss"]
[EventCountry "TUR"]
[SourceTitle "playchess.com"]
[Source "ChessBase"]
[SourceQuality "1"]

1. e4 c5 2. Nf3 d6 3. d4 cxd4 4. Nxd4 Nf6 5. Nc3 g6 6. Be3 Bg7 7. f3 Nc6 8. Qd2 O-O 9. Bc4 Ne5 10. Bb3 Bd7 11. O-O-O Rc8 12. Bg5 Rc5 13. f4 Nc4 14. Bxc4 Rxc4 15. e5 dxe5 16. fxe5 Ng4 17. Nf3 Qb6 18. Qxd7 Nf2 19. Rhe1 Nxd1 20. Rxd1 Rfc8 21. Qxe7 h6 22. Rd7 Qe6 23. Qxe6 fxe6 24. Bf6 R4c7 25. Rxg7+ Rxg7 26. Bxg7 Kxg7 27. Kd2 a6 28. Kd3 g5 29. Nd4 Kf7 30. Ne4 Ke7 1-0

[Event "Turkey Cup 2019"]
[Site "Belek"]
[Date "2019.02.01"]
[Round "9.67"]
[White "Ocakacan, Deniz"]
[Black "Isik, Kadri"]
[Result "0-1"]
[WhiteElo "1679"]
[BlackElo "1820"]
[Annotator "NA"]
[PlyCount "82"]
[EventDate "2019.01.27"]
[EventType "swiss"]
[EventCountry "TUR"]
[SourceTitle "playchess.com"]
[Source "ChessBase"]
[SourceQuality "1"]

1. e4 c5 2. Nf3 Nc6 3. d4 cxd4 4. Nxd4 Nf6 5. Nc3 e5 6. Ndb5 d6 7. Na3 a6 8. Nc4 b5 9. Ne3 Be7 10. Bd3 O-O 11. O-O Be6 12. Ncd5 Re8 13. a4 b4 14. a5 Bxd5 15. exd5 Nxa5 16. Bd2 Qb6 17. Ra4 Nb7 18. Rxb4 Qc7 19. Rc4 Qb6 20. Rc6 Qxb2 21. Bc3 Qa2 22. Bc4 Qa3 23. Qe1 Nc5 24. Bb4 Qa4 25. Bxc5 dxc5 26. Qc3 Ne4 27. Qd3 Nd6 28. Bxa6 Reb8 29. Bc4 e4 30. Qe2 Qb4 31. Rc7 Bg5 32. Bb3 Bxe3 33. fxe3 Rc8 34. Rxc8+ Rxc8 35. Qa6 c4 36. Ba2 Qc5 37. Kh1 Qxd5 38. Qb6 Ra8 39. Qc7 h6 40. Bb1 Nb5 41. c3 Nxc7 0-1